Probiotics and prebiotics : (Record no. 219575)

000 -LEADER
fixed length control field 01264cam a22003734a 4500
001 - CONTROL NUMBER
control field 14429675
003 - CONTROL NUMBER IDENTIFIER
control field ASAB
005 - DATE AND TIME OF LATEST TRANSACTION
control field 20170214120701.0
008 - FIXED-LENGTH DATA ELEMENTS--GENERAL INFORMATION
fixed length control field 051102s2005 enka b 001 0 eng
010 ## - LIBRARY OF CONGRESS CONTROL NUMBER
LC control number 2006411758
015 ## - NATIONAL BIBLIOGRAPHY NUMBER
National bibliography number GBA623957
Source bnb
016 7# - NATIONAL BIBLIOGRAPHIC AGENCY CONTROL NUMBER
Record control number 101260928
Source DNLM
016 7# - NATIONAL BIBLIOGRAPHIC AGENCY CONTROL NUMBER
Record control number 013373329
Source Uk
020 ## - INTERNATIONAL STANDARD BOOK NUMBER
International Standard Book Number 978-1-910190-09-8
035 ## - SYSTEM CONTROL NUMBER
System control number (OCoLC)ocm62295351
040 ## - CATALOGING SOURCE
Original cataloging agency NLM
Transcribing agency ASAB
Modifying agency MRM
-- BAKER
-- GZM
-- UKM
-- DLC
042 ## - AUTHENTICATION CODE
Authentication code pcc
050 00 - LIBRARY OF CONGRESS CALL NUMBER
Classification number QR171.I6
Item number P7625 2005
060 00 - NATIONAL LIBRARY OF MEDICINE CALL NUMBER
Classification number 2005 M-760
060 10 - NATIONAL LIBRARY OF MEDICINE CALL NUMBER
Classification number QU 145.5
Item number P9615 2005
082 04 - DEWEY DECIMAL CLASSIFICATION NUMBER
Classification number 616.9201
245 00 - TITLE STATEMENT
Title Probiotics and prebiotics :
Remainder of title current research and future trends
Statement of responsibility, etc. edited by Koen Venema and Ana Paula do carmo
246 ## - VARYING FORM OF TITLE
Title proper/short title probiotics and prebiotics
260 ## - PUBLICATION, DISTRIBUTION, ETC.
Place of publication, distribution, etc. Wymondham, Norfolk, U.K. :
Name of publisher, distributor, etc. Caister Academic Press,
Date of publication, distribution, etc. c2005.
300 ## - PHYSICAL DESCRIPTION
Extent vi, 508 p. :
Other physical details ill. ;
Dimensions 24 cm.
504 ## - BIBLIOGRAPHY, ETC. NOTE
Bibliography, etc. note Includes bibliographical references and index.
650 #0 - SUBJECT ADDED ENTRY--TOPICAL TERM
Topical term or geographic name entry element Bacteria
General subdivision Health aspects.
650 #0 - SUBJECT ADDED ENTRY--TOPICAL TERM
Topical term or geographic name entry element Probiotics.
650 #0 - SUBJECT ADDED ENTRY--TOPICAL TERM
Topical term or geographic name entry element Prebiotics.
650 22 - SUBJECT ADDED ENTRY--TOPICAL TERM
Topical term or geographic name entry element Biological Factors.
650 22 - SUBJECT ADDED ENTRY--TOPICAL TERM
Topical term or geographic name entry element Intestines
General subdivision Microbiology.
700 1# - ADDED ENTRY--PERSONAL NAME
Personal name Tannock, G. W.
Fuller form of name (Gerald W.)
906 ## - LOCAL DATA ELEMENT F, LDF (RLIN)
a 7
b cbc
c pccadap
d 2
e ncip
f 20
g y-gencatlg
942 ## - ADDED ENTRY ELEMENTS (KOHA)
Source of classification or shelving scheme
Koha item type Book
Holdings
Withdrawn status Lost status Source of classification or shelving scheme Damaged status Not for loan Collection code Permanent Location Current Location Date acquired Total Checkouts Full call number Barcode Date last seen Price effective from Koha item type
            Atta-ur-Rahman School of Applied Biosciences (ASAB) Atta-ur-Rahman School of Applied Biosciences (ASAB) 02/14/2017   616.92 VEN ASAB3392 02/14/2017 02/14/2017 Book
© 2023 Central Library, National University of Sciences and Technology. All Rights Reserved.